| 000 | 01475cam a22004097a 4500 | ||
|---|---|---|---|
| 001 | 000049082 | ||
| 003 | CHAP | ||
| 005 | 20220329140153.0 | ||
| 008 | 971013s1981 r 00010 d | ||
| 010 | _a48019 | ||
| 011 | _a48991 | ||
| 035 | _a53139 | ||
| 040 | _cCHAP | ||
| 082 | 0 | 4 |
_a636.2 _bV3 |
| 100 | 0 | 0 |
_aVassallo Muñiz, Carlos César. _9118185 |
| 245 | 1 | 3 | _aEl ganado lechero. |
| 260 |
_aChapingo, Méx. : _bUACH. Departamento de Zootecnia, _c1981. |
||
| 300 |
_a2 v. : _b; gráfs. |
||
| 490 | 1 | _aCuaderno | |
| 590 |
_aBATCH-UPD _b10 _c20130110 _lUCH01 _h1913 |
||
| 590 |
_aBATCH-UPD _b10 _c20130410 _lUCH01 _h1239 |
||
| 590 |
_aBATCH-UPD _b10 _c20130914 _lUCH01 _h1516 |
||
| 590 |
_aCONVERSION _b10 _c20130109 _lUCH01 _h1326 |
||
| 590 |
_aE5995AHE _b05 _c20150326 _lUCH01 _h1345 |
||
| 650 | 1 | 4 |
_aGanado lechero. _945237 |
| 830 | 0 | 0 |
_aCuaderno _929704 |
| 901 | _aBK | ||
| 942 | _cLIBRO | ||
| 942 | _n0 | ||
| 949 |
_a636.2 V3 _bBC _cLIBRO _d-118002 _eLIBRO _fv.1-2 _h56692 _i53139 _mD _si |
||
| 949 |
_a636.2 V3 _bBC _cLIBRO _d-118007 _eLIBRO _fv.1-2 c.3 _h56694 _i53139 _si |
||
| 949 |
_a636.2 V3 _bBC _cLIBRO _d-136786 _eLIBRO _fv.1-2 c.4 _h56695 _i53139 _si |
||
| 949 |
_a636.2 V3 _bBC _cLIBRO _d-136787 _eLIBRO _fv.1-2 c.5 _h56696 _i53139 _si |
||
| 949 |
_a636.2 V3 _bBC _cLIBRO _d-136788 _eLIBRO _fv.1-2 c.6 _h56697 _i53139 _si |
||
| 949 |
_a636.2 V3 _bBC _cLIBRO _d-136789 _eLIBRO _fv.1-2 c.7 _h56698 _i53139 _si |
||
| 949 |
_a636.2 V3 _bBC _cLIBRO _d33724000790143 _eLIBRO _fv.1-2 c.2 _h56693 _i53139 _si |
||
| 999 |
_c48019 _d48019 |
||